• 首页
  • 本馆介绍
  • 公告通知
  • 最新文献
  • 馆藏检索
  • 电子资源
  • 读者导购
  • 参考咨询
  • 我的图书馆
  • 登录
  • 详细信息显示
  • 放入我的书架
  • 预约/预借图书
  • 作者相关作品
  • 分类相关作品
  • 丛书相关作品
  • 出版社相关作品

书目信息

  • 表格格式
  • 工作单格式
  • 卡片格式
书名: The Water-buffalo and the tiger
作者: [illustrations by Mi Gu].
分册号:
分册名:
出版地: Beijing, China :
 
出版社: Foreign Languages Press
出版时间: 1980.
页数: 115 p., [6] leaves of plates :
开本: 21 cm.
丛书名:
中图分类号:
科图分类号:
其他分类号: H319.4
主题词:
电子资源:
000 00733nam 2200241Ia 4504
001 E0759621376
005 20070228163711.29
008 031229s1980 ch af j 000 1 eng d
020    @cCNY1.35.
035    @a3651120
040    @aCGP@cCGP@dOSU
041 1  @aeng@hchi
090    @aK294/W33E
090    @aH319.4
099    @dH319.4@ex192=3
245 04 @aThe Water-buffalo and the tiger / @c[illustrations by Mi Gu].
250    @a3rd ed.
260    @aBeijing, China :@bForeign Languages Press,@c1980.
300    @a115 p., [6] leaves of plates :@bill. (some col.) ;@c21 cm.
490 1  @aFolk tales from China. 2nd ser.
650  0 @aTales@zChina.
830  0 @aFolk tales from China.@v2nd ser.
920    @a232010@z2
    
    The Water-buffalo and the tiger / / [illustrations by Mi Gu].-3rd ed.-Beijing, China : : Foreign Languages Press, , 1980.
    115 p., [6] leaves of plates : : ill. (some col.) ; ; 21 cm.- (Folk tales from China. 2nd ser. )
    
    
    ISBN CNY1.35.
    
●
相关链接 在E读中查询图书 在五车中查询图书 在当当中查询图书 在豆瓣中查询图书


正题名:Water-buffalo and the tiger     索取号:H319.4/x192=3         预约/预借

序号 登录号 条形码 馆藏地/架位号 状态 备注
1 36894   001438135   第四借阅区/ [索取号:H319.4/x192=3] 在馆    
2 36895   001438171   第四借阅区/ [索取号:H319.4/x192=3] 在馆    
3 36896   001438180   第四借阅区/ [索取号:H319.4/x192=3] 在馆    
4 36897   3000368971   第四借阅区/ [索取号:H319.4/x192=3] 在馆    
5 36898   001438091   密集书库/ [索取号:H319.4/x192=3] 在馆    
6 36899   001438126   密集书库/ [索取号:H319.4/x192=3] 在馆    
7 36900   001438108   密集书库/ [索取号:H319.4/x192=3] 在馆    
8 36901   001438162   密集书库/ [索取号:H319.4/x192=3] 在馆    
9 36902   001438153   密集书库/ [索取号:H319.4/x192=3] 在馆    
10 36903   001438144   第二样本阅览室/ [索取号:H319.4/x192=3] 在馆    
11 39160   001438215   第四借阅区/ [索取号:H319.4/x192=3] 在馆    
唐山师范学院图书馆 欢迎您!
大连网信软件有限公司© 版权所有